000 00921cam a22002534a 4500
001 12577790
005 20180222034211.0
008 011101s2001 nyuab b 101 0 eng
010 _a 2001055878
020 _a1573313726 (cloth : alk. paper)
020 _a1573313734 (pbk. : alk. paper)
040 _aDLC
_cDLC
_dDLC
041 _aeng
042 _apcc
080 _a500
082 0 0 _a500 WEI
_a614.4
_221
100 _a4
101 _aSHM
245 0 0 _aPopulation health and aging :
_cedited by Maxine Weinstein, Albert I. Hermalin, and Michael A. Stoto.
504 _aIncludes bibliographical references and index.
906 _a7
_bcbc
_corignew
_d1
_eocip
_f20
_gy-gencatlg
942 _2ddc
_cBK
999 _c43113
_d43113